01094 2200313 4500001002100000005001500021035002000036008004100056020001800097041000800115082000800123084001200131100003300143245006700176250001100243260004400254300003600298520019400334650001800528990002600546990002600572990002600598990002600624990002600650990002600676990002600702990002600728990002600754INLIS00000000000128520221111014401 a0010-0520001285221111 | | ind  a979-709-163-5 aind a370 a370 PEN0 aPendidikan Manusia Indonesia1 aPendidikan Manusia Indonesia /cPenyunting Tonny D. Widiastono aCet.1. aJakarta :bRaja Grafindo Persada,c2004 aXXVI, 470 hlm. ; 23 cm ;c23 cm aTransposisi dalam pendidikan sekolah bisa dengan munculnya pandangan bahwa anak sudah dianggap sebagai aset. Maka bagaimana menyiapkan aset itu agar mampu bersaing dalam pasar kerja global. 4a1. Pendidikan a01496/MKRI-P/VII-2007 a03258/MKRI-P/III-2006 a03257/MKRI-P/III-2006 a03258/MKRI-P/III-2006 a01496/MKRI-P/VII-2007 a03257/MKRI-P/III-2006 a03257/MKRI-P/III-2006 a01496/MKRI-P/VII-2007 a03258/MKRI-P/III-2006